000
00329nam a22001457a 4500
008
210308b ||||| |||| 00| 0 eng d
020
_a
0070722528
041
_a
eng
080
_2
2nd
_a
62
082
_a
62
100
_a
26
101
_a
MEK
245
_a
Machine Drafting and Related Technology
_c
Yanke, H.W
942
_2
udc
_c
BK
999
_c
56024
_d
56024